| Tag |
First Indicator |
Second Indicator |
Subfields |
| LEADER |
00000cam a2200000 4500 |
| 001 |
in00000044776 |
| 005 |
20151007075130.0 |
| 008 |
780801s1966 no a 01000 eng |
| 010 |
|
|
|a 66077449
|
| 035 |
|
|
|a (OCoLC)04101713
|
| 035 |
|
|
|9 AAF2696AM
|
| 040 |
|
|
|a DLC
|c UUM
|d TXA
|d UtOrBLW
|
| 049 |
|
|
|a TXAM
|c [461832]
|
| 050 |
0 |
0 |
|a QD189
|b .F6
|
| 082 |
0 |
|
|a 541/.368708
|
| 092 |
|
|
|a 541.3687
|b F722s, 1966
|
| 100 |
1 |
|
|a Førland, T.
|q (Tormod)
|
| 245 |
1 |
0 |
|a Selected topics in high temperature chemistry. :
|b A collection of papers dedicasted to professor Hakon Flood on his 60th birthday, 25. September 1965.
|
| 264 |
|
1 |
|a Oslo :
|b Universitetsforlaget,
|c 1966.
|
| 300 |
|
|
|a 210p :
|b 3 leaves of illustrations
|
| 336 |
|
|
|a text
|b txt
|2 rdacontent
|
| 337 |
|
|
|a unmediated
|b n
|2 rdamedia
|
| 338 |
|
|
|a volume
|b nc
|2 rdacarrier
|
| 490 |
0 |
|
|a Scandinavian university books
|
| 650 |
|
0 |
|a Fused salts.
|
| 650 |
|
0 |
|a Metals
|x Effect of high temperatures on.
|
| 700 |
1 |
|
|a Flood, Hakan.
|
| 999 |
|
|
|a MARS
|
| 999 |
f |
f |
|s 54cbaccf-7d4f-3ba3-abc9-93fb0454b324
|i 56966774-014b-3a0a-b6ff-818fc423dcc4
|t 0
|
| 952 |
f |
f |
|p ric
|a Texas A&M University
|b Rellis Campus
|c Joint Library Facility
|d Remote Storage
|t 0
|e QD189 .F6
|h Library of Congress classification
|i unmediated -- volume
|m A14800937107
|
| 998 |
f |
f |
|a QD189 .F6
|t 0
|l Remote Storage
|